000 00247nam a2200097Ia 4500
008 231221s9999 xx 000 0 und d
245 0 _aMadras law journal
260 _c1943
_bLexisNexis
500 _aGratis from NLSIU. Acc. No 11092
942 _cBD
999 _c238721
_d238721